| 000 | 00688cab a2200193 4500 | ||
|---|---|---|---|
| 001 | ABS40013 | ||
| 008 | 090401t1988 xxu||||| |||| 00| 0 eng d | ||
| 035 | _a(Sirsi) u20672 | ||
| 041 | _aeng | ||
| 100 | _aMahoney, R. | ||
| 245 | _aMaking the best use of geographic information | ||
| 260 | _c1988 | ||
| 350 | _a0 | ||
| 490 |
_aMunicipal Review and AMA News _v59(692) Nov 1988 185(2) |
||
| 520 | _aMany local authorities are assessing the potential of geographic information systems . In this article, the author considers whether this assessment should be carried out at departmental or corporate level. | ||
| 690 | _aPRACTICE AND TECHNIQUES | ||
| 942 | _n0 | ||
| 948 | _c04/03/1997 | ||
| 999 |
_c13848 _d13848 |
||